[Event "España ch sub-14 2009"]
[Site "Granada ESP"]
[Date "2009.07.10"]
[Round "6.12"]
[White "Navarro Lopez-Menchero, Daniel"]
[Black "Talavera Garcia, Santiago"]
[Result "1-0"]
[WhiteElo "2024"]
[BlackElo "1833"]
[PlyCount "77"]
[EventDate "2009.07.07"]
[EventType "swiss"]
[EventRounds "9"]
[EventCountry "ESP"]
[Source "lmi"]
[SourceDate "2009.07.07"]

1. e4 e6 2. d4 d5 3. Nc3 Nf6 4. e5 Nfd7 5. f4 c5 6. Nf3 Nc6 7. Be3 Be7 8. Qd2
O-O 9. O-O-O c4 10. f5 b5 11. Qf2 b4 12. Ne2 b3 13. cxb3 cxb3 14. a3 exf5 15.
Kb1 Re8 16. Rc1 Na5 17. Nc3 Nf8 18. Nd2 Be6 19. Bd3 f6 20. Nb5 Rc8 21. Rxc8
Qxc8 22. Rc1 Qb8 23. Nc7 Rc8 24. Nxe6 Rxc1+ 25. Kxc1 Nxe6 26. Bxf5 Qc8+ 27. Kb1
fxe5 28. dxe5 Qc6 29. Qf1 Nc4 30. Nxc4 dxc4 31. Qf3 Qxf3 32. gxf3 Kf7 33. Bxa7
c3 34. bxc3 Bxa3 35. Be4 Nc5 36. Bd5+ Kg6 37. e6 Na4 38. Bd4 Bc5 39. Be4+ 1-0

[Event "España ch sub-14 2009"]
[Site "Granada ESP"]
[Date "2009.07.10"]
[Round "6.13"]
[White "Tejedor Fuentes, Enrique"]
[Black "Gonzalez Hernandez, Ferran"]
[Result "1/2-1/2"]
[WhiteElo "2004"]
[BlackElo "1813"]
[PlyCount "67"]
[EventDate "2009.07.07"]
[EventType "swiss"]
[EventRounds "9"]
[EventCountry "ESP"]
[Source "lmi"]
[SourceDate "2009.07.07"]

1. e4 c5 2. Nf3 Nc6 3. d4 cxd4 4. Nxd4 d5 5. Nxc6 bxc6 6. Nc3 d4 7. Bc4 e5 8.
Ne2 Nf6 9. Qd3 Bb4+ 10. c3 dxc3 11. Qxd8+ Kxd8 12. bxc3 Bc5 13. f3 Ke7 14. Kd2
Be6 15. Bxe6 Kxe6 16. Kc2 Rab8 17. Bg5 Nd7 18. Rhd1 f6 19. Bd2 Nb6 20. Rab1 Nc4
21. Bc1 Rb6 22. Rb3 Na5 23. Rxb6 axb6 24. Ng3 Nc4 25. Nf1 b5 26. Ng3 g6 27. Nf1
Rb8 28. Rd3 Ke7 29. Ng3 Rd8 30. Nf1 Ra8 31. Kb1 Rd8 32. Kc2 Ra8 33. Kb1 Rd8 34.
Kc2 1/2-1/2

[Event "España ch sub-14 2009"]
[Site "Granada ESP"]
[Date "2009.07.10"]
[Round "6.14"]
[White "Simon Escalona, Jorge"]
[Black "Rodriguez Ferraz, Borja"]
[Result "0-1"]
[WhiteElo "1772"]
[BlackElo "1996"]
[PlyCount "100"]
[EventDate "2009.07.07"]
[EventType "swiss"]
[EventRounds "9"]
[EventCountry "ESP"]
[Source "lmi"]
[SourceDate "2009.07.07"]

1. e4 e5 2. Nf3 Nc6 3. Bc4 Nf6 4. d4 exd4 5. Ng5 Ne5 6. Qxd4 Nxc4 7. Qxc4 d5 8.
exd5 Qxd5 9. Qxd5 Nxd5 10. O-O Be7 11. Re1 f6 12. Nf3 Kf7 13. Bd2 Bf5 14. Nd4
Bg6 15. c3 Rhe8 16. Be3 Nxe3 17. Rxe3 Bc5 18. Nd2 Rxe3 19. fxe3 Re8 20. Kf2 a6
21. Re1 Bd6 22. g3 c5 23. N4f3 b5 24. Rd1 Rd8 25. c4 b4 26. b3 a5 27. a4 h6 28.
h3 Bh5 29. Kg2 Bc7 30. g4 Bg6 31. Re1 Rd3 32. Re2 Rc3 33. e4 Bf4 34. h4 Rc2 35.
Kf2 h5 36. g5 fxg5 37. Nxg5+ Bxg5 38. hxg5 h4 39. Ke3 Rc3+ 40. Kf4 Bh5 41. Rh2
h3 42. Rh1 Ke6 43. e5 Rd3 44. Rh2 Bd1 45. g6 Bxb3 46. Ne4 Rd4 47. Rxh3 Bc2 48.
Re3 b3 49. Kf3 Bxe4+ 50. Rxe4 Rxe4 0-1

[Event "España ch sub-14 2009"]
[Site "Granada ESP"]
[Date "2009.07.10"]
[Round "6.15"]
[White "Ontanon Gomez, Pablo"]
[Black "Madurga Lopez, Ignacio"]
[Result "1/2-1/2"]
[WhiteElo "1947"]
[BlackElo "1816"]
[PlyCount "92"]
[EventDate "2009.07.07"]
[EventType "swiss"]
[EventRounds "9"]
[EventCountry "ESP"]
[Source "lmi"]
[SourceDate "2009.07.07"]

1. e4 c5 2. Nf3 d6 3. d4 cxd4 4. Nxd4 Nf6 5. Nc3 a6 6. Be2 e5 7. Nb3 Be6 8. O-O
Nbd7 9. Kh1 b5 10. a4 b4 11. Nd5 Nxd5 12. exd5 Bf5 13. f4 Qc7 14. Bd3 Bxd3 15.
Qxd3 Be7 16. Bd2 Rb8 17. Rac1 O-O 18. Qxa6 Nb6 19. Bxb4 Nxd5 20. Bd2 Nxf4 21.
Bxf4 exf4 22. Qd3 Bf6 23. Nd4 Rxb2 24. Nb5 Qc5 25. Rxf4 Bg5 26. Rf5 Qe3 27.
Rcf1 Qxd3 28. cxd3 Be7 29. h3 Rd2 30. R1f3 Bf6 31. Nxd6 Rd8 32. Ne4 R2xd3 33.
Nxf6+ gxf6 34. Rxf6 Rxf3 35. Rxf3 Rd1+ 36. Kh2 Ra1 37. Rf4 Ra3 38. h4 Kg7 39.
g3 h5 40. Rf5 Kg6 41. Rg5+ Kh6 42. a5 f6 43. Rb5 Kg6 44. Kh3 Ra4 45. Kg2 Ra2+
46. Kf3 Ra3+ 1/2-1/2

[Event "España ch sub-14 2009"]
[Site "Granada ESP"]
[Date "2009.07.10"]
[Round "6.16"]
[White "Navarrete Espi, Samuel"]
[Black "Villasenor Rubio, Emilio Jose"]
[Result "1/2-1/2"]
[WhiteElo "1804"]
[BlackElo "1937"]
[PlyCount "129"]
[EventDate "2009.07.07"]
[EventType "swiss"]
[EventRounds "9"]
[EventCountry "ESP"]
[Source "lmi"]
[SourceDate "2009.07.07"]

1. e4 c5 2. Nf3 d6 3. d4 cxd4 4. Nxd4 Nf6 5. Nc3 a6 6. Be3 e5 7. Nb3 Be6 8. f3
Nbd7 9. g4 Nb6 10. g5 Nh5 11. Qd2 Be7 12. O-O-O Rc8 13. Kb1 O-O 14. Rg1 Qc7 15.
Qf2 Nc4 16. Bxc4 Qxc4 17. Na5 Qc7 18. Bb6 Qd7 19. Qd2 Bd8 20. Qxd6 Bxb6 21.
Qxb6 Qc7 22. Rd6 Nf4 23. Nxb7 Qe7 24. Na4 Rb8 25. Nac5 Bc8 26. Qa7 Qc7 27. Qb6
Qe7 28. Rd8 Bxb7 29. Rxf8+ Qxf8 30. Nxb7 Qe7 31. Rd1 Ne6 32. Qxa6 Qxb7 33. Qxb7
Rxb7 34. a3 Kf8 35. h4 Ke7 36. b4 Nd4 37. f4 Rc7 38. Rd2 Nf3 39. Rf2 Nxh4 40.
f5 Rc4 41. Re2 Nf3 42. f6+ gxf6 43. gxf6+ Ke6 44. Kb2 Nd4 45. Rh2 Kxf6 46. c3
Nb5 47. a4 Nd6 48. Kb3 Rxe4 49. a5 Re1 50. Ra2 Nb5 51. Kc4 Na7 52. b5 Rb1 53.
b6 Nc8 54. Kc5 Ke6 55. Ra4 Kd7 56. Rb4 Rxb4 57. cxb4 Nd6 58. a6 Ne4+ 59. Kd5
Nc3+ 60. Kc4 Na4 61. Kb5 Nc3+ 62. Kc4 Na4 63. Kb5 Nc3+ 64. Kc4 Na4 65. Kb5
1/2-1/2

[Event "España ch sub-14 2009"]
[Site "Granada ESP"]
[Date "2009.07.11"]
[Round "7.1"]
[White "Santos Latasa, Jaime"]
[Black "Anton Guijarro, David"]
[Result "1/2-1/2"]
[WhiteElo "2256"]
[BlackElo "2265"]
[PlyCount "114"]
[EventDate "2009.07.07"]
[EventType "swiss"]
[EventRounds "9"]
[EventCountry "ESP"]
[Source "lmi"]
[SourceDate "2009.07.07"]

1. e4 e6 2. d4 d5 3. Nc3 Nf6 4. Bg5 Bb4 5. exd5 Qxd5 6. Bxf6 gxf6 7. Nge2 Nc6
8. Qd2 Bxc3 9. Nxc3 Qxd4 10. Qxd4 Nxd4 11. O-O-O Nc6 12. Nb5 Ke7 13. Nxc7 Rb8
14. Nb5 Bd7 15. Be2 a6 16. Nd4 e5 17. Nb3 Be6 18. c3 b6 19. Kb1 a5 20. Bb5 Rhc8
21. Rc1 h6 22. Rhd1 Na7 23. Be2 Rd8 24. Rxd8 Rxd8 25. Rd1 Rxd1+ 26. Bxd1 f5 27.
Kc2 f4 28. Kd2 f5 29. Nc1 Bd5 30. f3 Kf6 31. b3 h5 32. c4 Be6 33. Ne2 Nc6 34.
Kc3 h4 35. h3 Ke7 36. a3 Kd6 37. b4 axb4+ 38. axb4 Ne7 39. Bc2 Ng8 40. Nc1 Ne7
41. Nd3 Ng6 42. c5+ bxc5 43. bxc5+ Kc7 44. Nb4 Ne7 45. Bd3 Nc6 46. Nxc6 Kxc6
47. Kb4 Kc7 48. Bc2 Kc6 49. Ba4+ Kc7 50. Bb5 Bd5 51. Bd3 Be6 52. Bb5 Bd5 53.
Kc3 Be6 54. Ba4 Bd5 55. Kb4 Be6 56. Be8 Bd5 57. Bb5 Be6 1/2-1/2

[Event "España ch sub-14 2009"]
[Site "Granada ESP"]
[Date "2009.07.11"]
[Round "7.2"]
[White "Tallo Dominguez, Imar"]
[Black "Sanchez Ibern, Marc"]
[Result "1/2-1/2"]
[WhiteElo "2124"]
[BlackElo "2289"]
[PlyCount "56"]
[EventDate "2009.07.07"]
[EventType "swiss"]
[EventRounds "9"]
[EventCountry "ESP"]
[Source "lmi"]
[SourceDate "2009.07.07"]

1. e4 c5 2. Nf3 d6 3. d4 Nf6 4. Nc3 cxd4 5. Qxd4 a6 6. Be3 Nc6 7. Qb6 Qxb6 8.
Bxb6 e6 9. O-O-O Be7 10. Nd2 O-O 11. Nc4 d5 12. exd5 exd5 13. Ne3 d4 14. Bxd4
Nxd4 15. Rxd4 Bc5 16. Rd3 b5 17. Be2 Be6 18. Rhd1 g6 19. Bf3 Ra7 20. Kb1 Kg7
21. Ne4 Nxe4 22. Bxe4 f5 23. Bd5 Bxd5 24. Rxd5 Bxe3 25. fxe3 Re8 26. Rd7+ Rxd7
27. Rxd7+ Kh6 28. Rd3 f4 1/2-1/2

[Event "España ch sub-14 2009"]
[Site "Granada ESP"]
[Date "2009.07.11"]
[Round "7.3"]
[White "Montoliu Cervero, Francisco"]
[Black "Alcaraz Ortega, Javier"]
[Result "1-0"]
[WhiteElo "2063"]
[BlackElo "2241"]
[PlyCount "81"]
[EventDate "2009.07.07"]
[EventType "swiss"]
[EventRounds "9"]
[EventCountry "ESP"]
[Source "lmi"]
[SourceDate "2009.07.07"]

1. e4 c5 2. Nf3 e6 3. d4 cxd4 4. Nxd4 Qb6 5. Nb3 a6 6. Nc3 Qc7 7. Bd3 b5 8. Bd2
Bb7 9. f4 Nf6 10. e5 Nd5 11. Nxd5 Bxd5 12. Qe2 d6 13. O-O-O Nc6 14. exd6 Bxd6
15. Kb1 O-O 16. Rdf1 a5 17. f5 a4 18. Nc1 b4 19. fxe6 Bxe6 20. Qe4 g6 21. h4
Rfe8 22. Qf3 b3 23. cxb3 axb3 24. a3 Ne5 25. Qd1 Nxd3 26. Nxd3 Bc4 27. Rf3 Bd5
28. Re3 Rec8 29. Nb4 Be6 30. Bc3 Bc5 31. Ree1 Bf5+ 32. Ka1 Bf2 33. Nd5 Rxa3+
34. bxa3 Bxe1 35. Rxe1 Qc4 36. Bb2 Ra8 37. Ne7+ Kf8 38. Nxf5 gxf5 39. Qd6+ Kg8
40. Qg3+ Qg4 41. Qe5 1-0

[Event "España ch sub-14 2009"]
[Site "Granada ESP"]
[Date "2009.07.11"]
[Round "7.4"]
[White "Cruz Lledo, Pablo"]
[Black "Fernandez Lledo, Javier"]
[Result "1/2-1/2"]
[WhiteElo "2190"]
[BlackElo "1977"]
[PlyCount "83"]
[EventDate "2009.07.07"]
[EventType "swiss"]
[EventRounds "9"]
[EventCountry "ESP"]
[Source "lmi"]
[SourceDate "2009.07.07"]

1. d4 Nf6 2. c4 g6 3. Nc3 Bg7 4. e4 d6 5. f3 O-O 6. Nge2 Nc6 7. Be3 a6 8. Qd2
Rb8 9. Ng3 e5 10. d5 Nd4 11. Nge2 c5 12. dxc6 Nxc6 13. Nd5 Nxd5 14. cxd5 Ne7
15. a4 b6 16. Nc3 f5 17. Be2 f4 18. Bf2 g5 19. b4 Ng6 20. O-O-O Bf6 21. Kb2 Kf7
22. Nb1 b5 23. a5 Bd7 24. Rc1 Rb7 25. Rc3 Qb8 26. Rhc1 Bd8 27. Bd1 Kg7 28. Bb3
Nh4 29. Bg1 Rf6 30. Rc6 Qa8 31. Bb6 Bxb6 32. axb6 Qb8 33. Rc7 Rf7 34. Rxb7 Qxb7
35. Rc6 Qb8 36. Qf2 Ng6 37. b7 Be8 38. Rc8 Qxc8 39. bxc8=R Rd7 40. Rxe8 h6 41.
g3 fxg3 42. Re6 1/2-1/2

[Event "España ch sub-14 2009"]
[Site "Granada ESP"]
[Date "2009.07.11"]
[Round "7.5"]
[White "Rodriguez Ferraz, Borja"]
[Black "Quintin Navarro, Alberto"]
[Result "1/2-1/2"]
[WhiteElo "1996"]
[BlackElo "2064"]
[PlyCount "48"]
[EventDate "2009.07.07"]
[EventType "swiss"]
[EventRounds "9"]
[EventCountry "ESP"]
[Source "lmi"]
[SourceDate "2009.07.07"]

1. d4 Nf6 2. c4 e6 3. Nc3 Bb4 4. f3 d5 5. a3 Bxc3+ 6. bxc3 b6 7. cxd5 exd5 8.
e3 O-O 9. Bd3 c5 10. Ne2 cxd4 11. cxd4 Ba6 12. O-O Bxd3 13. Qxd3 Re8 14. Ng3
Nc6 15. Bb2 h5 16. Rfe1 h4 17. Nh1 Ne7 18. Nf2 Ng6 19. Nh3 Qe7 20. Re2 Nh5 21.
Rae1 Qd7 22. Qd2 Qd6 23. Qd3 Qd7 24. Qd2 Qd6 1/2-1/2

[Event "España ch sub-14 2009"]
[Site "Granada ESP"]
[Date "2009.07.11"]
[Round "7.6"]
[White "Pardo Simon, David"]
[Black "Rojano Alfonso, Carlos"]
[Result "1-0"]
[WhiteElo "2321"]
[BlackElo "1894"]
[PlyCount "109"]
[EventDate "2009.07.07"]
[EventType "swiss"]
[EventRounds "9"]
[EventCountry "ESP"]
[Source "lmi"]
[SourceDate "2009.07.07"]

1. e4 e5 2. d4 exd4 3. Qxd4 Nc6 4. Qe3 Nf6 5. Nc3 Bb4 6. Bd2 O-O 7. O-O-O Re8
8. Qg3 d6 9. f4 Qe7 10. Bd3 a5 11. a3 Bc5 12. Nf3 b6 13. Nd5 Nxd5 14. exd5 Na7
15. Rhe1 Qd8 16. Bxh7+ Kxh7 17. Ng5+ Kg8 18. Qh4 Bf5 19. g4 Qf6 20. gxf5 Qxf5
21. a4 c6 22. Rxe8+ Rxe8 23. Re1 Rxe1+ 24. Qxe1 Kf8 25. dxc6 Nxc6 26. c3 d5 27.
Qe2 d4 28. Qa6 Ne7 29. Qa8+ Qc8 30. Qxc8+ Nxc8 31. cxd4 Bxd4 32. Nf3 Bf2 33.
Kc2 Ke7 34. Kd3 Nd6 35. Bc3 f6 36. Nd2 Ke6 37. b4 axb4 38. Bxb4 f5 39. Bc3 g6
40. Bd4 Be1 41. Nc4 Nxc4 42. Kxc4 Bd2 43. Kb5 Bxf4 44. Bxb6 Bxh2 45. Kc6 Bb8
46. Kb7 Kd5 47. Kxb8 Kc6 48. a5 f4 49. a6 Kxb6 50. a7 Kc5 51. a8=Q Kd4 52. Qf3
g5 53. Qg4 Ke3 54. Qxg5 Kf3 55. Kc7 1-0

[Event "España ch sub-14 2009"]
[Site "Granada ESP"]
[Date "2009.07.11"]
[Round "7.7"]
[White "Iglesias Garcia, Jorge"]
[Black "Pintor Munoz, Antonio"]
[Result "0-1"]
[WhiteElo "1606"]
[BlackElo "2278"]
[PlyCount "50"]
[EventDate "2009.07.07"]
[EventType "swiss"]
[EventRounds "9"]
[EventCountry "ESP"]
[Source "lmi"]
[SourceDate "2009.07.07"]

1. d4 e6 2. e4 d5 3. exd5 exd5 4. Bd3 Nc6 5. c3 Bd6 6. Nf3 Bg4 7. h3 Bh5 8. Be3
Qd7 9. Nbd2 Nge7 10. Qc2 O-O-O 11. O-O-O Bg6 12. Bxg6 hxg6 13. Rhe1 Nf5 14. Ne5
Nxe3 15. Rxe3 Bxe5 16. dxe5 d4 17. cxd4 Nxd4 18. Qc4 Qf5 19. Nf3 Nxf3 20. Rxf3
Rxd1+ 21. Kxd1 Qb1+ 22. Kd2 Qxb2+ 23. Kd3 Rd8+ 24. Ke4 Qb1+ 25. Kf4 Qf5+ 0-1

[Event "España ch sub-14 2009"]
[Site "Granada ESP"]
[Date "2009.07.11"]
[Round "7.8"]
[White "Gutierrez Valero, Mario"]
[Black "Navarro Lopez-Menchero, Daniel"]
[Result "0-1"]
[WhiteElo "2024"]
[BlackElo "2024"]
[PlyCount "103"]
[EventDate "2009.07.07"]
[EventType "swiss"]
[EventRounds "9"]
[EventCountry "ESP"]
[Source "lmi"]
[SourceDate "2009.07.07"]

1. d4 Nf6 2. c4 e6 3. Nf3 b6 4. g3 Ba6 5. Qc2 c5 6. d5 exd5 7. cxd5 Bb7 8. Bg2
Nxd5 9. O-O Be7 10. Qe4 Bc6 11. Ne5 Nf6 12. Nxc6 Nxc6 13. Qa4 O-O 14. Nc3 Qc7
15. Bf4 Qb7 16. Rfd1 Rfd8 17. Rd2 a6 18. Rad1 b5 19. Qc2 Qa7 20. Nd5 Nxd5 21.
Bxd5 Nb4 22. Qf5 Nxd5 23. Rxd5 g6 24. Qe4 Bf6 25. Bh6 Rac8 26. Qg4 Rc7 27. Bg5
Bxg5 28. Qxg5 Re8 29. Qg4 Re7 30. Qg5 Rxe2 31. Qd8+ Kg7 32. Rxd7 Re1+ 33. Rxe1
Rxd7 34. Qc8 c4 35. Re8 Qb7 36. Qxb7 Rxb7 37. Ra8 Rb6 38. Kf1 Rd6 39. Ke2 Kf6
40. Ke3 Kf5 41. Ra7 Ke6 42. Ke2 h5 43. Ke3 f6 44. Rg7 Kf5 45. h3 Rd1 46. g4+
hxg4 47. hxg4+ Kxg4 48. Rxg6+ Kf5 49. Rg2 Ra1 50. a3 Ra2 51. Kd4 Rxa3 52. bxa3
0-1

[Event "España ch sub-14 2009"]
[Site "Granada ESP"]
[Date "2009.07.11"]
[Round "7.9"]
[White "Escudero Manzano, Alejandro"]
[Black "Meneses Gonzalez, Kevin Moises"]
[Result "1-0"]
[WhiteElo "1870"]
[BlackElo "2074"]
[PlyCount "139"]
[EventDate "2009.07.07"]
[EventType "swiss"]
[EventRounds "9"]
[EventCountry "ESP"]
[Source "lmi"]
[SourceDate "2009.07.07"]

1. e4 c5 2. Nf3 d6 3. c3 Nf6 4. Bd3 Nc6 5. Bc2 Bg4 6. d4 cxd4 7. cxd4 Bxf3 8.
gxf3 e5 9. d5 Nd4 10. Be3 Nxc2+ 11. Qxc2 Qd7 12. Nc3 Be7 13. O-O-O O-O 14. Kb1
b5 15. h4 a5 16. Ne2 b4 17. Ng3 Rfb8 18. Qd2 Bd8 19. h5 a4 20. Nf5 b3 21. a3
Rc8 22. Rc1 Rxc1+ 23. Rxc1 Nxh5 24. Qb4 Nf4 25. Bxf4 exf4 26. Qxd6 Qb5 27. Ka1
Bf6 28. Nh6+ Kh8 29. Nxf7+ Kg8 30. e5 Ra6 31. Qc7 Qxd5 32. exf6 Rxf6 33. Qd8+
Qxd8 34. Nxd8 Rd6 35. Nc6 Rd2 36. Rf1 Kf7 37. Ne5+ Ke6 38. Nc4 Rd3 39. Kb1 Rxf3
40. Nb6 g5 41. Kc1 Rd3 42. Nxa4 Kf5 43. Nc5 Rh3 44. a4 g4 45. a5 Rh6 46. Kd2
Rd6+ 47. Ke2 Rc6 48. Rc1 h5 49. Nxb3 Re6+ 50. Kf1 Re8 51. Nd4+ Kg5 52. Kg2 f3+
53. Nxf3+ gxf3+ 54. Kxf3 Rb8 55. Rc2 Rb3+ 56. Kg2 h4 57. a6 Rb6 58. a7 Ra6 59.
Rc7 Kg4 60. Rg7+ Kf4 61. b4 Ra3 62. b5 h3+ 63. Kh2 Ra2 64. Kxh3 Kf3 65. Rf7+
Ke2 66. b6 Ra3+ 67. Kg4 Ra4+ 68. f4 Ra1 69. Rf8 Rg1+ 70. Kf5 1-0

[Event "España ch sub-14 2009"]
[Site "Granada ESP"]
[Date "2009.07.11"]
[Round "7.10"]
[White "Ballester Llagaria, Luis Eduardo"]
[Black "Navarrete Espi, Samuel"]
[Result "0-1"]
[WhiteElo "2067"]
[BlackElo "1804"]
[PlyCount "54"]
[EventDate "2009.07.07"]
[EventType "swiss"]
[EventRounds "9"]
[EventCountry "ESP"]
[Source "lmi"]
[SourceDate "2009.07.07"]

1. e4 e5 2. Nf3 Nc6 3. Bb5 Bc5 4. c3 Nf6 5. d3 d6 6. O-O O-O 7. h3 a6 8. Ba4
Ba7 9. Nbd2 Ne7 10. Re1 Ng6 11. Nf1 Nh5 12. Be3 Nhf4 13. Ng3 Nh4 14. Nxh4 Qxh4
15. Bxa7 Rxa7 16. Re3 Ra8 17. Bb3 Kh8 18. Qf3 f5 19. exf5 Bxf5 20. Nxf5 Rxf5
21. Qg4 Qf6 22. g3 Rg5 23. Qf3 Nxh3+ 24. Kg2 Rf5 25. Qg4 Rxf2+ 26. Kxh3 Qh6+
27. Qh4 Qxe3 0-1

[Event "España ch sub-14 2009"]
[Site "Granada ESP"]
[Date "2009.07.11"]
[Round "7.11"]
[White "Madurga Lopez, Ignacio"]
[Black "Aranaz Murillo, Amalia"]
[Result "1-0"]
[WhiteElo "1816"]
[BlackElo "2061"]
[PlyCount "43"]
[EventDate "2009.07.07"]
[EventType "swiss"]
[EventRounds "9"]
[EventCountry "ESP"]
[Source "lmi"]
[SourceDate "2009.07.07"]

1. e4 c6 2. Nc3 d5 3. d4 dxe4 4. Nxe4 Bf5 5. Ng3 Bg6 6. Bc4 e6 7. N1e2 Nf6 8.
O-O Bd6 9. f4 Qc7 10. f5 Bxf5 11. Nxf5 exf5 12. Rxf5 Bxh2+ 13. Kh1 Bd6 14. Bh6
Rg8 15. Nf4 Be7 16. Qe2 Nbd7 17. Bxf7+ Kxf7 18. Re1 Nb6 19. Qe6+ Kf8 20. Rxf6+
Bxf6 21. Qxf6+ Qf7 22. Qd6+ 1-0

[Event "España ch sub-14 2009"]
[Site "Granada ESP"]
[Date "2009.07.11"]
[Round "7.12"]
[White "Ladron De Guevara Pinto, Paolo"]
[Black "Valero Gutierrez, Alvaro"]
[Result "1-0"]
[WhiteElo "2020"]
[BlackElo "1803"]
[PlyCount "69"]
[EventDate "2009.07.07"]
[EventType "swiss"]
[EventRounds "9"]
[EventCountry "ESP"]
[Source "lmi"]
[SourceDate "2009.07.07"]

1. e4 d6 2. d4 Nf6 3. Nc3 Nbd7 4. f4 e5 5. Nf3 exd4 6. Qxd4 c6 7. Be3 d5 8. e5
Bc5 9. Qd2 Bxe3 10. Qxe3 Qe7 11. O-O-O Ng4 12. Qe2 Nb6 13. h3 Nc4 14. Rd3 Qb4
15. Nd1 Nh6 16. g4 O-O 17. f5 Re8 18. Kb1 Qe7 19. Rg1 a5 20. Qe1 b5 21. f6 gxf6
22. Qh4 Qf8 23. exf6 Kh8 24. Ng5 Ne5 25. Rdg3 Be6 26. Bd3 Nxd3 27. cxd3 d4 28.
Rf1 Bd5 29. Nxh7 Kxh7 30. g5 Re5 31. Rfg1 Re2 32. gxh6 Qb4 33. Rg7+ Kh8 34. h7
Bxa2+ 35. Ka1 1-0

[Event "España ch sub-14 2009"]
[Site "Granada ESP"]
[Date "2009.07.11"]
[Round "7.13"]
[White "Ruiz Font, Elisabet"]
[Black "Tejedor Fuentes, Enrique"]
[Result "0-1"]
[WhiteElo "1831"]
[BlackElo "2004"]
[PlyCount "50"]
[EventDate "2009.07.07"]
[EventType "swiss"]
[EventRounds "9"]
[EventCountry "ESP"]
[Source "lmi"]
[SourceDate "2009.07.07"]

1. e4 c5 2. Nf3 e6 3. d4 cxd4 4. Nxd4 a6 5. c4 Qc7 6. a3 Nf6 7. f3 Bd6 8. Be3
Bxh2 9. Ne2 Nc6 10. b4 Bg3+ 11. Nxg3 Qxg3+ 12. Bf2 Qe5 13. Ra2 d5 14. Bd3 dxe4
15. Re2 Qg5 16. Bh4 Qg6 17. fxe4 Ne5 18. Nc3 Bd7 19. Rh3 Nfg4 20. Nd5 exd5 21.
exd5 Bf5 22. Bxf5 Qxf5 23. c5 O-O 24. Rg3 Qh5 25. Rxe5 Qxe5+ 0-1

[Event "España ch sub-14 2009"]
[Site "Granada ESP"]
[Date "2009.07.11"]
[Round "7.14"]
[White "Garcia De Lomas Guerrero, Carlos"]
[Black "Ontanon Gomez, Pablo"]
[Result "1-0"]
[WhiteElo "1793"]
[BlackElo "1947"]
[PlyCount "69"]
[EventDate "2009.07.07"]
[EventType "swiss"]
[EventRounds "9"]
[EventCountry "ESP"]
[Source "lmi"]
[SourceDate "2009.07.07"]

1. e4 c5 2. Nc3 Nc6 3. f4 g6 4. Nf3 d6 5. Bc4 Bg7 6. d3 e6 7. O-O Nge7 8. Qe1
O-O 9. Qh4 d5 10. Bb3 Na5 11. f5 Nxb3 12. f6 Bxf6 13. Bg5 Bxg5 14. Nxg5 h5 15.
axb3 f6 16. Nh3 Nc6 17. Nf4 Ne5 18. Qg3 Kh7 19. exd5 exd5 20. Nfxd5 Qd6 21.
Rxf6 Rxf6 22. Ne4 Nf3+ 23. Kh1 Qxg3 24. Ndxf6+ Kg7 25. hxg3 Nd4 26. Ne8+ Kf8
27. Nc7 Rb8 28. Rxa7 Nxc2 29. Nxc5 Ke7 30. N7a6 Kd6 31. Ne4+ Kc6 32. Nxb8+ Kc7
33. Na6+ Kb6 34. Ra8 Bf5 35. Nac5 1-0

[Event "España ch sub-14 2009"]
[Site "Granada ESP"]
[Date "2009.07.11"]
[Round "7.15"]
[White "Villasenor Rubio, Emilio Jose"]
[Black "Gomez Dieguez, David"]
[Result "1/2-1/2"]
[WhiteElo "1937"]
[BlackElo "1795"]
[PlyCount "84"]
[EventDate "2009.07.07"]
[EventType "swiss"]
[EventRounds "9"]
[EventCountry "ESP"]
[Source "lmi"]
[SourceDate "2009.07.07"]

1. e4 Nc6 2. Nf3 e5 3. Bb5 f5 4. d3 fxe4 5. dxe4 Nf6 6. O-O Bc5 7. Nc3 d6 8.
Bc4 Bg4 9. h3 Bh5 10. Qd3 h6 11. a3 Qd7 12. Na4 Bb6 13. Nxb6 axb6 14. c3 g5 15.
Nh2 g4 16. hxg4 Nxg4 17. Qh3 Nf6 18. Qxd7+ Kxd7 19. f3 Na5 20. Ba2 b5 21. Rd1
Nc4 22. Bxc4 bxc4 23. a4 b5 24. a5 Ra6 25. Nf1 Bf7 26. Ng3 h5 27. Kf2 Rha8 28.
Rh1 Rxa5 29. Rb1 Ra1 30. Rxa1 Rxa1 31. Bg5 Rxh1 32. Nxh1 Ke6 33. Kg3 Nd7 34.
Be3 d5 35. Nf2 Nf6 36. Bc5 dxe4 37. Nxe4 Nxe4+ 38. fxe4 Bg6 39. Kf3 Kd7 40. Bf8
c6 41. Bc5 Kc7 42. Be7 Kd7 1/2-1/2

[Event "España ch sub-14 2009"]
[Site "Granada ESP"]
[Date "2009.07.11"]
[Round "7.16"]
[White "Gonzalez Hernandez, Ferran"]
[Black "Martin Duque, Jesus"]
[Result "0-1"]
[WhiteElo "1813"]
[BlackElo "1930"]
[PlyCount "122"]
[EventDate "2009.07.07"]
[EventType "swiss"]
[EventRounds "9"]
[EventCountry "ESP"]
[Source "lmi"]
[SourceDate "2009.07.07"]

1. e4 e6 2. d4 d5 3. Nd2 Nf6 4. e5 Nfd7 5. Bd3 c5 6. c3 Nc6 7. Ne2 Qb6 8. Nf3
cxd4 9. cxd4 f6 10. exf6 Nxf6 11. O-O Bd6 12. a3 O-O 13. Rb1 Bd7 14. Bg5 Rae8
15. Qc2 h6 16. Bh4 e5 17. dxe5 Nxe5 18. Nxe5 Bxe5 19. Bg3 Ng4 20. Nc3 Bxg3 21.
hxg3 Bc6 22. Bf5 Nf6 23. Rfe1 d4 24. Ne2 Nd5 25. Qd3 Bb5 26. Qf3 Nc7 27. Qb3+
Kh8 28. Bd3 Bxd3 29. Qxd3 Ne6 30. b4 Rd8 31. Rbd1 a5 32. Qc4 d3 33. Nf4 Nxf4
34. gxf4 Qd6 35. g3 axb4 36. axb4 Rf5 37. Re5 Rxe5 38. fxe5 Qxe5 39. Rxd3 Rxd3
40. Qxd3 Qe1+ 41. Kg2 Qxb4 42. Qd8+ Kh7 43. Qd3+ Kg8 44. Qd8+ Qf8 45. Qb6 Qc8
46. Kh2 Qc6 47. Qb3+ Kh7 48. Qd3+ Qg6 49. Qb3 Qe4 50. Kg1 Qe1+ 51. Kg2 Qe4+ 52.
Kg1 Qc6 53. Qd3+ Kg8 54. Qb3+ Kh8 55. Qb4 b6 56. Kf1 b5 57. Kg1 Qc4 58. Qxc4
bxc4 59. Kf1 Kh7 60. Ke2 Kg6 61. Ke3 Kf5 0-1

[Event "España ch sub-14 2009"]
[Site "Granada ESP"]
[Date "2009.07.11"]
[Round "8.1"]
[White "Anton Guijarro, David"]
[Black "Montoliu Cervero, Francisco"]
[Result "1-0"]
[WhiteElo "2265"]
[BlackElo "2063"]
[PlyCount "75"]
[EventDate "2009.07.07"]
[EventType "swiss"]
[EventRounds "9"]
[EventCountry "ESP"]
[Source "lmi"]
[SourceDate "2009.07.07"]

1. d4 d5 2. c4 c6 3. Nf3 Nf6 4. e3 a6 5. Bd3 b5 6. b3 Bg4 7. Nbd2 Nbd7 8. O-O
e6 9. Qc2 Be7 10. Bb2 Rc8 11. Ne5 Bh5 12. f4 Bg6 13. Nxg6 hxg6 14. Nf3 bxc4 15.
bxc4 O-O 16. c5 a5 17. Bc3 Qc7 18. Ne5 Nxe5 19. fxe5 Ng4 20. Qe2 f5 21. h3 Nh6
22. Rab1 Ra8 23. Rb6 Rfb8 24. Rfb1 Rxb6 25. cxb6 Qb7 26. a4 Bd8 27. Qd2 Bg5 28.
Bxa5 Bxe3+ 29. Qxe3 Rxa5 30. Bc2 Ra6 31. Qb3 Nf7 32. Bd3 Ra8 33. Qb4 Nd8 34. a5
Kh7 35. Ra1 Kg8 36. a6 Qb8 37. Rb1 Kh7 38. Qd6 1-0

[Event "España ch sub-14 2009"]
[Site "Granada ESP"]
[Date "2009.07.11"]
[Round "8.2"]
[White "Sanchez Ibern, Marc"]
[Black "Santos Latasa, Jaime"]
[Result "1-0"]
[WhiteElo "2289"]
[BlackElo "2256"]
[PlyCount "69"]
[EventDate "2009.07.07"]
[EventType "swiss"]
[EventRounds "9"]
[EventCountry "ESP"]
[Source "lmi"]
[SourceDate "2009.07.07"]

1. e4 c5 2. Nc3 g6 3. Nf3 Bg7 4. d4 cxd4 5. Nxd4 Nc6 6. Nxc6 bxc6 7. Bc4 Qa5 8.
Bd2 Rb8 9. Rb1 d6 10. O-O Nf6 11. Qe2 O-O 12. b4 Qc7 13. a4 Bd7 14. h3 e6 15.
Ba2 Bc8 16. Be3 Nd7 17. Qd2 d5 18. exd5 exd5 19. b5 Nb6 20. Bf4 Be5 21. Bxe5
Qxe5 22. Rfe1 Qc7 23. bxc6 Be6 24. Nxd5 Bxd5 25. Bxd5 Rbd8 26. c4 Nxc4 27. Qc3
Nb6 28. Bb3 Rd6 29. Rbc1 Rc8 30. Qf3 a5 31. Re5 Ra8 32. Rce1 Nc8 33. Re7 Nxe7
34. Qxf7+ Kh8 35. Rxe7 1-0